NPCR 1 Lesson 3 Key Sentences M-C - Statistics

General Stats
  • This quiz has been taken 8 times
  • The average score is 5 of 7
Answer Stats
Meaning Character % Correct
she is Chinese 她是中国人
100%
I'm not a teacher, I'm a doctor 我不是老师,我是医生
100%
who is that? 那是谁?
67%
that is our teacher 那是我们老师
67%
this is my friend 这是我朋友
67%
are you a teacher too? 你也是老师吗?
67%
where is she from? 她是哪国人?
33%
No matching quizzes found
Score Distribution
Percent of People with Each Score
Percentile by Number Answered
Your Score History
You have not taken this quiz